[Event "Saint John op-1"]
[Site "Saint John"]
[Date "1988.??.??"]
[Round "?"]
[White "Basanta, Gary"]
[Black "Hernandez Vazquez, Angel Gabriel"]
[Result "1-0"]
[WhiteElo "2215"]
[BlackElo "2330"]
[PlyCount "55"]
[EventDate "1988.01.24"]
[EventType "swiss"]
[EventRounds "9"]
[EventCountry "CAN"]
[SourceTitle "CBM 006"]
[Source "ChessBase"]
[SourceDate "1988.10.01"]
[SourceVersion "1"]
[SourceVersionDate "1988.10.01"]
[SourceQuality "1"]

1. e4 c5 2. Nf3 Nc6 3. d4 cxd4 4. Nxd4 Nf6 5. Nc3 d6 6. Be2 e6 7. 0-0 Be7 8. Kh1 0-0 9. f4 Qc7 10. Be3 a6 11. a4 Re8 12. Bf3 Rb8 13. Qe1 e5 14. Nf5 Bxf5 15. exf5 e4 16. Be2 d5 17. Qf2 Nb4 18. Rac1 h5 19. h3 b6 20. g4 Bc5 21. g5 Nh7 22. Bxc5 Qxc5 23. Qg2 h4 24. f6 g6 25. f5 Nf8 26. fxg6 Nxg6 27. Bh5 Kh7 28. Bxg6+ 1-0

[Event "Saint John op-1"]
[Site "Saint John"]
[Date "1988.??.??"]
[Round "?"]
[White "Shirazi, Kamran"]
[Black "Hernandez Vazquez, Angel Gabriel"]
[Result "1-0"]
[WhiteElo "2455"]
[BlackElo "2330"]
[PlyCount "67"]
[EventDate "1988.01.24"]
[EventType "swiss"]
[EventRounds "9"]
[EventCountry "CAN"]
[SourceTitle "CBM 006"]
[Source "ChessBase"]
[SourceDate "1988.10.01"]
[SourceVersion "1"]
[SourceVersionDate "1988.10.01"]
[SourceQuality "1"]

1. e4 c5 2. Nf3 Nc6 3. Bb5 d6 4. 0-0 Bd7 5. d3 e6 6. a4 Nf6 7. Nbd2 Be7 8. Nc4 d5 9. exd5 Nxd5 10. Nfe5 Nxe5 11. Nxe5 Bxb5 12. axb5 0-0 13. c4 Nb4 14. Bd2 Qd6 15. Bc3 Rfd8 16. Qh5 Rf8 17. Qe2 Bf6 18. Rfd1 a5 19. d4 cxd4 20. Bxd4 Qc7 21. Bc3 Rfd8 22. b6 Qc8 23. Rxd8+ Qxd8 24. Rd1 Qe8 25. Bxb4 axb4 26. Nd7 Be7 27. c5 Qc8 28. Qb5 f6 29. f4 Kf7 30. h4 g6 31. Kh2 h5 32. Rd4 b3 33. Rd3 Ra1 34. c6 1-0

[Event "Granma zt"]
[Site "Granma"]
[Date "1987.??.??"]
[Round "?"]
[White "Hernandez Vazquez, Angel Gabriel"]
[Black "Garcia, Gildardo"]
[Result "0-1"]
[WhiteElo "2355"]
[BlackElo "2445"]
[PlyCount "60"]
[EventDate "1987.??.??"]
[EventType "tourn"]
[EventRounds "9"]
[EventCountry "CUB"]
[EventCategory "7"]
[SourceTitle "CBM 003"]
[Source "ChessBase"]
[SourceDate "1988.04.01"]
[SourceVersion "1"]
[SourceVersionDate "1988.04.01"]
[SourceQuality "1"]

1. e4 Nf6 2. e5 Nd5 3. d4 d6 4. Nf3 Bg4 5. Be2 c6 6. 0-0 Bxf3 7. Bxf3 dxe5 8. dxe5 e6 9. Qe2 Nd7 10. c4 Ne7 11. b3 Ng6 12. Bb2 Qg5 13. Re1 Bb4 14. Qe3 Qxe3 15. Rxe3 0-0-0 16. g3 Ba5 17. Bh5 Bc7 18. Bxg6 hxg6 19. Re2 Nc5 20. Nd2 Nd3 21. Bc3 Bxe5 22. Bxe5 Nxe5 23. Kg2 Nd3 24. Ne4 Rh5 25. h4 f6 26. a3 g5 27. hxg5 f5 28. Nd2 Rxg5 29. Re3 f4 30. Re4 Nc5 0-1

[Event "Granma zt"]
[Site "Granma"]
[Date "1987.??.??"]
[Round "?"]
[White "Hernandez Vazquez, Angel Gabriel"]
[Black "Juarez Flores, Carlos Armando"]
[Result "1-0"]
[WhiteElo "2355"]
[BlackElo "2340"]
[PlyCount "65"]
[EventDate "1987.??.??"]
[EventType "tourn"]
[EventRounds "9"]
[EventCountry "CUB"]
[EventCategory "7"]
[SourceTitle "CBM 003"]
[Source "ChessBase"]
[SourceDate "1988.04.01"]
[SourceVersion "1"]
[SourceVersionDate "1988.04.01"]
[SourceQuality "1"]

1. e4 e6 2. d4 d5 3. Nd2 Nf6 4. e5 Nfd7 5. c3 c5 6. Bd3 Nc6 7. Ne2 cxd4 8. cxd4 f6 9. exf6 Nxf6 10. 0-0 Bd6 11. Nf3 Qc7 12. g3 0-0 13. Bf4 Bd7 14. Rc1 Nh5 15. Bxd6 Qxd6 16. Nc3 g6 17. Re1 Qb4 18. a3 Qe7 19. Ne5 Nxe5 20. Rxe5 Qf6 21. Qe2 Rac8 22. Re1 a6 23. Qd2 Ng7 24. Bf1 Rc7 25. Bh3 Rfc8 26. Qe3 Rd8 27. Bg4 b5 28. Na2 a5 29. Nc1 Rc2 30. Nd3 Rb8 31. Re2 Rxe2 32. Qxe2 Nf5 33. Bxf5 1-0

[Event "Granma zt"]
[Site "Granma"]
[Date "1987.??.??"]
[Round "?"]
[White "Nogueiras Santiago, Jesus"]
[Black "Hernandez Vazquez, Angel Gabriel"]
[Result "1/2-1/2"]
[WhiteElo "2565"]
[BlackElo "2355"]
[PlyCount "87"]
[EventDate "1987.??.??"]
[EventType "tourn"]
[EventRounds "9"]
[EventCountry "CUB"]
[EventCategory "7"]
[SourceTitle "CBM 003"]
[Source "ChessBase"]
[SourceDate "1988.04.01"]
[SourceVersion "1"]
[SourceVersionDate "1988.04.01"]
[SourceQuality "1"]

1. d4 Nf6 2. Nf3 e6 3. Bg5 c5 4. e3 cxd4 5. exd4 Qb6 6. Qc1 Nc6 7. c3 Be7 8. Nbd2 0-0 9. Bd3 d6 10. 0-0 Qc7 11. Re1 b6 12. Nc4 Ba6 13. Qc2 g6 14. Rac1 Rac8 15. Bh6 Rfe8 16. Nxd6 Bxd6 17. Bxa6 Nb4 18. Qe2 Nxa6 19. Bg5 Ng4 20. h3 Bh2+ 21. Kf1 Nxf2 22. Nxh2 Qxh2 23. Qxf2 Qd6 24. Qf6 Qf8 25. Rcd1 Nb8 26. Qf3 Qd6 27. Rd2 Nd7 28. Rf2 f5 29. Rfe2 Kf7 30. g4 Qc6 31. d5 exd5 32. gxf5 Rxe2 33. Rxe2 Kg8 34. Be7 d4 35. Qxc6 Rxc6 36. cxd4 gxf5 37. d5 Rc1+ 38. Kf2 Rd1 39. d6 Nc5 40. Rc2 a5 41. Ke2 Rd5 42. Rc4 Kf7 43. Rh4 Kg7 44. Rc4 1/2-1/2

[Event "Granma zt"]
[Site "Granma"]
[Date "1987.??.??"]
[Round "?"]
[White "Zapata, Alonso"]
[Black "Hernandez Vazquez, Angel Gabriel"]
[Result "1/2-1/2"]
[WhiteElo "2505"]
[BlackElo "2355"]
[PlyCount "81"]
[EventDate "1987.??.??"]
[EventType "tourn"]
[EventRounds "9"]
[EventCountry "CUB"]
[EventCategory "7"]
[SourceTitle "CBM 003"]
[Source "ChessBase"]
[SourceDate "1988.04.01"]
[SourceVersion "1"]
[SourceVersionDate "1988.04.01"]
[SourceQuality "1"]

1. e4 c5 2. Nf3 d6 3. d4 cxd4 4. Nxd4 Nf6 5. Nc3 Nc6 6. Be3 e6 7. Be2 Be7 8. 0-0 0-0 9. f4 Qc7 10. Kh1 a6 11. a4 Re8 12. Bd3 Bd7 13. Qf3 Rac8 14. Nb3 Nb4 15. a5 e5 16. Nd2 exf4 17. Bxf4 Be6 18. Ra4 Nxd3 19. cxd3 b5 20. axb6 Qxb6 21. Nc4 Qb3 22. Ra3 Qb7 23. Nxd6 Qxb2 24. Bc1 Qc2 25. Nxe8 Rxe8 26. d4 Bxa3 27. Bxa3 Bg4 28. Qg3 Nxe4 29. Nxe4 Qxe4 30. d5 Bd7 31. Bb2 Qg6 32. Qxg6 hxg6 33. Kg1 f6 34. Kf2 Bb5 35. Re1 Rxe1 36. Kxe1 f5 37. d6 Kf7 38. Kd2 Ke6 39. Ba3 Bd7 40. Bb4 Kd5 41. Ke3 1/2-1/2